Geografia; la organizacion del espacio mundial [atlas geográfico y análisis de casos] /

Guardado en:
Autor Principal: Barros, Claudia
Formato: Libro
Publicado: Buenos Aires : Estrada, 2001
Series:Libros con libros
Materias:
Etiquetas: Agregar Etiqueta
Sin Etiquetas, Sea el primero en etiquetar este registro!
LEADER 00886nam a22002295a 4500
001 CEM.cems016868
005 20110624094305.0
008 130507s2001##################000#0#####d
003 CEMS
020 |a 9500107724 
082 0 4 |a 330.982 
100 1 |a Barros, Claudia 
245 1 0 |a Geografia; la organizacion del espacio mundial [atlas geográfico y análisis de casos] /  |c Claudia Barros, Monica Arroyosilvia Valiente 
260 |a Buenos Aires :  |b Estrada,  |c 2001 
300 |a 47 p. 
490 0 |a Libros con libros 
653 |a Geografía argentina 
653 |a Geografía argentina-atlas 
859 |a CEMS  |b BIB. CEMS - Agricultura  |h 330.982  |i B278-2  |p A0128.00  |t Ej.1 
859 |a CEMS  |b BIB. CEMS - Agricultura  |h 330.982  |i B278-2  |p A0130.00  |t Ej.2 
859 |a CEMS  |b BIB. CEMS - Agricultura  |h 330.982  |i B278-2  |p A0176.00  |t Ej.3 
859 |a CEMS  |b BIB. CEMS - Agricultura  |h 330.982  |i B278-2  |p A0463.03  |t Ej.4